|
|
|
|
| LEADER |
00000naa2a2200000 4500 |
| 001 |
395989 |
| 005 |
20231101064721.0 |
| 035 |
|
|
|a (RuTPU)RU\TPU\prd\33693
|
| 035 |
|
|
|a RU\TPU\prd\33687
|
| 090 |
|
|
|a 395989
|
| 100 |
|
|
|a 20050314a2004 k y0rusy50 ca
|
| 101 |
0 |
|
|a rus
|
| 102 |
|
|
|a RU
|
| 200 |
1 |
|
|a Лингвистическое обеспечение корпоративных библиотечно-информационных систем и сетей
|f И. Л. Скипор, Е. А. Сбитнева
|
| 320 |
|
|
|a Библиогр.: 17 назв.
|
| 461 |
|
0 |
|0 (RuTPU)RU\TPU\prd\1594
|x 0130-9765
|t Научные и технические библиотеки
|o ежемесячный сборник по вопросам теории и практики библиотечного дела
|f Государственная публичная научно-техническая библиотека России
|d 1994-
|
| 463 |
|
1 |
|0 (RuTPU)RU\TPU\prd\28366
|t № 7
|v С. 28-41
|d 2004
|
| 610 |
1 |
|
|a лингвистическое обеспечение
|
| 610 |
1 |
|
|a корпоративные сети
|
| 610 |
1 |
|
|a корпоративные системы
|
| 700 |
|
1 |
|a Скипор
|b И. Л.
|g Инна Леоновна
|
| 701 |
|
1 |
|a Сбитнева
|b Е. А.
|g Елена Андреевна
|
| 801 |
|
1 |
|a RU
|b 63413507
|c 20050311
|g PSBO
|
| 801 |
|
2 |
|a RU
|b 63413507
|c 20060602
|g PSBO
|
| 942 |
|
|
|c BK
|